Concorrenti big Festival di Sanremo presentati da Amadeus - Statistics

Statistiche generali
  • Questo quiz è stato fatto 146 volte
  • Il punteggio medio è 49 su 119
Statistiche sulle risposte
Cantante Anno partecipazione Piazzamento % Corretto
Blanco 2022 1
90%
Annalisa 2021, 2024 7, 3
87%
Angelina Mango 2024 1
86%
Mahmood 2022, 2024 1, 6
86%
Marco Mengoni 2023 1
84%
Geolier 2024 2
82%
Fedez 2021 2
80%
Maneskin 2021 1
77%
Irama 2021, 2022, 2024 5, 4, 5
74%
Giorgia 2023 6
72%
Diodato 2020, 2024 1, 13
71%
Emma 2022, 2024 6, 14
70%
Francesco Gabbani 2020 2
70%
Gianni Morandi 2022 3
70%
Francesca Michielin 2021 2
69%
Elisa 2022 2
67%
Elodie 2020, 2023 7, 9
67%
Lazza 2023 2
63%
Ultimo 2023 4
63%
Bugo 2020,2021 SQ, 24
61%
Noemi 2021, 2022 14, 15
61%
Francesco Renga 2021, 2024 22, 25
60%
Morgan 2020 SQ
60%
Orietta Berti 2021 9
60%
Alessandra Amoroso 2024 9
59%
Clara 2024 24
59%
Ermal Meta 2021 3
59%
Ghali 2024 4
59%
Tananai 2022, 2023 25, 5
59%
Fiorella Mannoia 2024 15
56%
Olly 2023 24
56%
Achille Lauro 2020, 2022 8, 14
55%
Coma_Cose 2021, 2023 20, 13
55%
Il Volo 2024 8
55%
Massimo Ranieri 2022 8
55%
Ricchi e Poveri 2024 21
55%
Nek 2024 25
54%
Loredana Bertè 2024 7
53%
Sangiovanni 2022, 2024 5, 29
53%
Arisa 2021 10
52%
Rose Villain 2024 23
52%
Alfa 2024 10
49%
Fred De Palma 2024 30
47%
Modà 2023 11
47%
BigMama 2024 22
46%
Fabrizio Moro 2022 12
45%
The Kolors 2024 16
45%
Iva Zanicchi 2022 18
44%
Mr. Rain 2023, 2024 3, 17
44%
Dargen D'Amico 2022, 2024 9, 20
43%
La Rappresentante di Lista 2021, 2022 11, 7
43%
Madame 2021, 2023 8, 7
43%
Negramaro 2024 19
43%
Pinguini Tattici Nucleari 2020 3
43%
Anna Oxa 2023 25
41%
Colapesce 2021, 2023 4, 10
40%
La Sad 2024 27
40%
Max Gazzè 2021 17
40%
Rkomi 2022 17
38%
Rosa Chemical 2023 8
38%
Sethu 2023 28
38%
Cugini di Campagna 2023 21
37%
Elettra Lamborghini 2020 21
37%
Willie Peyote 2021 6
37%
Ana Mena 2022 24
36%
Il Tre 2024 12
36%
Articolo 31 2023 16
34%
Bnkr44 2024 28
34%
Dimartino 2021, 2023 4, 10
34%
Fulminacci 2021 16
34%
Gaia 2021 19
34%
Levante 2020, 2023 12, 23
34%
Ditonellapiaga 2022 16
33%
Will 2023 26
33%
Rancore 2020 10
32%
Rettore 2022 16
31%
LDA 2023 15
30%
Le Vibrazioni 2020, 2022 4, 22
30%
Piero Pelù 2020 5
30%
Gazzelle 2024 11
29%
Hu 2022 20
29%
Shari 2023 27
29%
AKA 7even 2022 13
28%
Lo Stato Sociale 2021 13
28%
Santi Francesi 2024 18
28%
Ariete 2023 14
26%
Colla Zio 2023 20
26%
Gianluca Grignani 2023 12
26%
Mara Sattei 2023 19
26%
Michele Bravi 2022 10
26%
Maninni 2024 26
25%
Matteo Romano 2022 11
25%
Paola & Chiara 2023 17
25%
Leo Gassmann 2023 18
24%
Tosca 2020 6
24%
Marco Masini 2020 15
23%
Anastasio 2020 13
22%
Malika Ayane 2021 15
22%
Yuman 2022 21
22%
Gianmaria 2023 22
21%
Highsnob 2022 20
21%
Giovanni Truppi 2022 19
20%
Rita Pavone 2020 17
20%
Michele Zarrillo 2020 18
18%
Aiello 2021 25
17%
Giusy Ferreri 2022 23
17%
Fasma 2021 18
16%
Random 2021 26
16%
Alberto Urso 2020 14
15%
Ghemon 2021 21
15%
Enrico Nigiotti 2020 19
14%
Riki 2020 23
13%
Giordana Angi 2020 20
11%
Irene Grandi 2020 9
10%
Paolo Jannacci 2020 16
10%
Raphael Gualazzi 2020 11
10%
Gio Evan 2021 23
9%
Junior Cally 2020 22
9%
Extraliscio feat. Davide Toffolo 2021 12
1%
Nessun quiz corrispondente trovato
Distribuzione punteggi
Percentuale di utenti per punteggio
Percentile per numero di risposta
I tuoi punteggi nel tempo
Non hai fatto questo quiz